[Event "ODJM C 2019"]
[Site "Willingen GER"]
[Date "2019.06.12"]
[Round "6"]
[White "Mylke, Sandy-Michelle"]
[Black "Arnold, Rubina"]
[Result "1-0"]
[Termination "normal"]
[Board "3"]
[WhiteElo "1238"]
[BlackElo "1329"]
[WhiteClock "01:02:06"]
[BlackClock "01:17:22"]
[PlyCount "49"]
[WhiteFideId "16235045"]
[BlackFideId "16276272"]
[EventCountry "GER"]
[EventRounds "9"]
[EventType "swiss"]
[EventDate "2019.06.08"]

1. d4 {[%clk 1:30:53]} 1... Nf6 {[%clk 1:30:48]} 2. g3 {[%clk 1:30:57]} 2... e6
{[%clk 1:30:45]} 3. Nf3 {[%clk 1:30:11]} 3... c5 {[%clk 1:30:50]} 4. Bg2 {
[%clk 1:28:27]} 4... Nc6 {[%clk 1:30:54]} 5. O-O {[%clk 1:25:54]} 5... d5 {
[%clk 1:31:04]} 6. c4 {[%clk 1:24:03]} 6... Be7 {[%clk 1:30:40]} 7. Be3 { [%clk
1:19:18]} 7... b6 {[%clk 1:30:00]} 8. Ne5 {[%clk 1:18:59]} 8... Nxd4 { [%clk
1:29:37]} 9. Bxd4 {[%clk 1:14:39]} 9... cxd4 {[%clk 1:29:41]} 10. cxd5 { [%clk
1:12:21]} 10... Nxd5 {[%clk 1:29:27]} 11. Qxd4 {[%clk 1:10:56]} 11... O-O
{[%clk 1:28:46]} 12. Rd1 {[%clk 1:08:42]} 12... Bc5 {[%clk 1:25:32]} 13. Qd2 {
[%clk 1:07:15]} 13... Qf6 {[%clk 1:24:25]} 14. Ng4 {[%clk 1:07:10]} 14... Qf5 {
[%clk 1:19:27]} 15. h3 {[%clk 1:06:33]} 15... Bb7 {[%clk 1:18:49]} 16. e4 {
[%clk 1:05:52]} 16... Qg6 {[%clk 1:17:56]} 17. exd5 {[%clk 1:04:28]} 17... exd5
{[%clk 1:18:00]} 18. Ne5 {[%clk 1:03:04]} 18... Qf6 {[%clk 1:17:18]} 19. Nd7 {
[%clk 1:03:18]} 19... Qe6 {[%clk 1:17:25]} 20. Nxf8 {[%clk 1:03:25]} 20... Rxf8
{[%clk 1:17:39]} 21. Bxd5 {[%clk 1:01:54]} 21... Bxd5 {[%clk 1:17:57]} 22. Qxd5
{[%clk 1:02:15]} 22... Qxh3 {[%clk 1:17:53]} 23. Qg2 {[%clk 1:02:04]} 23... Qg4
{[%clk 1:17:43]} 24. Nc3 {[%clk 1:02:06]} 24... Qb4 {[%clk 1:17:22]} 25. Rab1
1-0

[Event "ODJM C 2019"]
[Site "Willingen GER"]
[Date "2019.06.12"]
[Round "6"]
[White "Malinowsky, Celina"]
[Black "Foos, Vanessa"]
[Result "1-0"]
[Termination "normal"]
[Board "4"]
[WhiteElo "1109"]
[BlackElo "1207"]
[WhiteClock "00:55:43"]
[BlackClock "00:31:50"]
[PlyCount "49"]
[WhiteFideId "16266986"]
[BlackFideId "16245270"]
[EventCountry "GER"]
[EventRounds "9"]
[EventType "swiss"]
[EventDate "2019.06.08"]

1. e4 {[%clk 1:30:51]} 1... d6 {[%clk 1:30:57]} 2. Nf3 {[%clk 1:30:30]} 2...
Nf6 {[%clk 1:31:10]} 3. Nc3 {[%clk 1:29:50]} 3... g6 {[%clk 1:31:16]} 4. Bc4 {
[%clk 1:29:12]} 4... Bg7 {[%clk 1:31:39]} 5. d3 {[%clk 1:28:36]} 5... O-O {
[%clk 1:31:54]} 6. Be3 {[%clk 1:28:07]} 6... e5 {[%clk 1:31:20]} 7. Qd2 { [%clk
1:27:30]} 7... Nc6 {[%clk 1:25:34]} 8. Bh6 {[%clk 1:25:02]} 8... Re8 { [%clk
1:21:15]} 9. Bxg7 9... Kxg7 {[%clk 1:21:36]} 10. Ng5 {[%clk 1:21:13]} 10... Be6
{[%clk 1:17:26]} 11. Bb3 {[%clk 1:20:08]} 11... Nd4 {[%clk 1:09:27]} 12. Ne2
{[%clk 1:15:46]} 12... Nxb3 {[%clk 1:06:21]} 13. axb3 {[%clk 1:14:30]} 13... h6
{[%clk 0:55:09]} 14. Nf3 {[%clk 1:14:32]} 14... c6 {[%clk 0:52:59]} 15. O-O
{[%clk 1:13:26]} 15... Bg4 {[%clk 0:51:55]} 16. Qe3 {[%clk 1:11:32]} 16... d5
{[%clk 0:43:12]} 17. Rxa7 {[%clk 1:03:56]} 17... d4 {[%clk 0:39:28]} 18. Rxa8
{[%clk 1:04:06]} 18... Qd7 {[%clk 0:36:42]} 19. Nxe5 {[%clk 0:56:23]} 19...
dxe3 {[%clk 0:31:19]} 20. Nxd7 {[%clk 0:56:13]} 20... Rxa8 { [%clk 0:31:25]}
21. Nxf6 {[%clk 0:56:03]} 21... exf2+ {[%clk 0:31:14]} 22. Kxf2 {[%clk
0:55:55]} 22... Kxf6 {[%clk 0:31:15]} 23. Kg3+ {[%clk 0:55:22]} 23... Kg5
{[%clk 0:31:34]} 24. h4+ {[%clk 0:55:26]} 24... Kh5 {[%clk 0:31:50]} 25. Nf4#
{[%clk 0:55:43]} 1-0

[Event "ODJM C 2019"]
[Site "Willingen GER"]
[Date "2019.06.12"]
[Round "6"]
[White "Färber, Sophie"]
[Black "Hornstein, Leonhard Orell"]
[Result "1-0"]
[Termination "normal"]
[Board "5"]
[WhiteElo "1409"]
[BlackElo "1346"]
[WhiteClock "00:11:54"]
[BlackClock "00:00:37"]
[PlyCount "59"]
[WhiteFideId "16239121"]
[BlackFideId "16254643"]
[EventCountry "GER"]
[EventRounds "9"]
[EventType "swiss"]
[EventDate "2019.06.08"]

1. e4 {[%clk 1:30:58]} 1... c5 {[%clk 1:30:56]} 2. Nc3 {[%clk 1:31:12]} 2... e6
{[%clk 1:31:13]} 3. g3 {[%clk 1:31:16]} 3... Nc6 {[%clk 1:30:42]} 4. Bg2 {
[%clk 1:31:15]} 4... Qc7 {[%clk 1:30:48]} 5. d3 {[%clk 1:27:07]} 5... a6 {
[%clk 1:30:15]} 6. Be3 {[%clk 1:23:43]} 6... b5 {[%clk 1:26:14]} 7. f4 { [%clk
1:13:33]} 7... Bb7 {[%clk 1:23:37]} 8. Nf3 {[%clk 1:03:37]} 8... Nf6 { [%clk
1:17:28]} 9. O-O {[%clk 0:44:18]} 9... Ng4 {[%clk 1:08:40]} 10. Bd2 { [%clk
0:39:48]} 10... Qb6 {[%clk 0:56:12]} 11. Qe2 {[%clk 0:34:35]} 11... O-O-O
{[%clk 0:43:42]} 12. Ng5 {[%clk 0:25:50]} 12... Nh6 {[%clk 0:41:42]} 13. Be3 {
[%clk 0:23:59]} 13... f6 {[%clk 0:39:46]} 14. Nh3 {[%clk 0:24:19]} 14... Nf7 {
[%clk 0:38:17]} 15. a3 {[%clk 0:20:06]} 15... Qc7 {[%clk 0:34:21]} 16. Nf2 {
[%clk 0:16:30]} 16... Nd4 {[%clk 0:29:25]} 17. Qd1 {[%clk 0:16:44]} 17... e5 {
[%clk 0:27:26]} 18. Ne2 {[%clk 0:15:59]} 18... Bd6 {[%clk 0:25:25]} 19. fxe5 {
[%clk 0:14:51]} 19... fxe5 {[%clk 0:24:32]} 20. c3 {[%clk 0:15:07]} 20... Nxe2+
{[%clk 0:22:55]} 21. Qxe2 {[%clk 0:15:30]} 21... Be7 {[%clk 0:21:53]} 22. d4 {
[%clk 0:15:11]} 22... exd4 {[%clk 0:21:25]} 23. cxd4 {[%clk 0:15:14]} 23... c4
{[%clk 0:21:07]} 24. Rfc1 {[%clk 0:14:59]} 24... Qb6 {[%clk 0:19:29]} 25. b3 {
[%clk 0:14:07]} 25... Kb8 {[%clk 0:18:20]} 26. bxc4 {[%clk 0:13:30]} 26... bxc4
{[%clk 0:18:06]} 27. Rxc4 {[%clk 0:12:53]} 27... Bc6 {[%clk 0:16:21]} 28. d5 {
[%clk 0:12:31]} 28... Qc7 {[%clk 0:01:06]} 29. dxc6 {[%clk 0:11:49]} 29... dxc6
{[%clk 0:00:37]} 30. Rb1+ {[%clk 0:11:54]} 1-0

[Event "ODJM C 2019"]
[Site "Willingen GER"]
[Date "2019.06.12"]
[Round "6"]
[White "Zinnikus, Elias"]
[Black "Reyher, Bastian"]
[Result "1/2-1/2"]
[Termination "normal"]
[Board "6"]
[WhiteElo "1176"]
[BlackElo "1137"]
[WhiteClock "00:51:58"]
[BlackClock "00:07:25"]
[PlyCount "89"]
[WhiteFideId "16245024"]
[BlackFideId "12927465"]
[EventCountry "GER"]
[EventRounds "9"]
[EventType "swiss"]
[EventDate "2019.06.08"]

1. Nf3 {[%clk 1:30:57]} 1... d5 {[%clk 1:30:50]} 2. d4 {[%clk 1:31:13]} 2... e6
{[%clk 1:31:02]} 3. c4 {[%clk 1:31:31]} 3... Nf6 {[%clk 1:31:19]} 4. Nc3 {
[%clk 1:31:49]} 4... Nbd7 {[%clk 1:29:59]} 5. Bg5 {[%clk 1:31:56]} 5... c6 {
[%clk 1:29:23]} 6. e3 {[%clk 1:31:47]} 6... Qa5 {[%clk 1:29:26]} 7. cxd5 {
[%clk 1:31:35]} 7... Nxd5 {[%clk 1:28:02]} 8. Qa4 {[%clk 1:27:35]} 8... Bb4 {
[%clk 1:22:11]} 9. Qxa5 {[%clk 1:27:50]} 9... Bxa5 {[%clk 1:22:34]} 10. Rc1 {
[%clk 1:28:06]} 10... f6 {[%clk 1:20:17]} 11. Bh4 {[%clk 1:28:09]} 11... b5 {
[%clk 1:19:32]} 12. a3 {[%clk 1:27:51]} 12... a6 {[%clk 1:18:19]} 13. Be2 {
[%clk 1:27:32]} 13... O-O {[%clk 1:15:55]} 14. O-O {[%clk 1:27:44]} 14... b4 {
[%clk 1:13:49]} 15. axb4 {[%clk 1:28:01]} 15... Nxb4 {[%clk 1:13:56]} 16. e4 {
[%clk 1:27:26]} 16... c5 {[%clk 1:09:19]} 17. Bg3 {[%clk 1:23:58]} 17... cxd4 {
[%clk 1:06:35]} 18. Nxd4 {[%clk 1:23:59]} 18... Nc5 {[%clk 1:03:29]} 19. Bd6 {
[%clk 1:20:30]} 19... Ncd3 {[%clk 1:01:48]} 20. Bxf8 {[%clk 1:20:38]} 20...
Nxc1 {[%clk 1:02:02]} 21. Bxb4 {[%clk 1:19:53]} 21... Nxe2+ {[%clk 1:02:14]}
22. Ncxe2 {[%clk 1:20:13]} 22... Bxb4 {[%clk 1:02:36]} 23. Rc1 {[%clk 1:18:26]}
23... e5 {[%clk 0:52:11]} 24. Nc6 {[%clk 1:16:49]} 24... a5 {[%clk 0:50:39]}
25. g3 {[%clk 1:14:37]} 25... Ba6 {[%clk 0:50:06]} 26. Nc3 {[%clk 1:10:08]}
26... Bb7 {[%clk 0:44:08]} 27. Nxb4 {[%clk 1:08:40]} 27... axb4 {[%clk 0:43:35]
} 28. Nd5 {[%clk 1:06:15]} 28... Bxd5 {[%clk 0:38:00]} 29. exd5 {[%clk 1:06:12]
} 29... Rd8 {[%clk 0:37:36]} 30. Rd1 {[%clk 1:06:29]} 30... Kf7 {[%clk 0:35:03]
} 31. f3 {[%clk 1:06:01]} 31... Ke7 {[%clk 0:34:26]} 32. Kf2 {[%clk 1:06:18]}
32... Kd6 {[%clk 0:34:04]} 33. Rc1 {[%clk 1:05:18]} 33... Rd7 {[%clk 0:33:20]}
34. Rc4 {[%clk 1:05:06]} 34... Rb7 {[%clk 0:32:06]} 35. Ke3 {[%clk 1:02:12]}
35... Kxd5 {[%clk 0:26:54]} 36. b3 {[%clk 1:02:05]} 36... h6 {[%clk 0:26:18]}
37. Kd3 {[%clk 1:01:03]} 37... Kd6 {[%clk 0:23:52]} 38. Ke4 {[%clk 1:01:12]}
38... g6 {[%clk 0:23:45]} 39. g4 {[%clk 1:01:11]} 39... h5 {[%clk 0:16:30]} 40.
h3 {[%clk 0:59:41]} 40... h4 {[%clk 0:14:12]} 41. f4 {[%clk 0:56:28]} 41...
exf4 {[%clk 0:10:36]} 42. Kxf4 {[%clk 0:56:36]} 42... Rb5 {[%clk 0:10:38]} 43.
Kf3 {[%clk 0:53:24]} 43... g5 {[%clk 0:07:58]} 44. Ke4 {[%clk 0:52:32]} 44...
Re5+ {[%clk 0:07:25]} 45. Kd4 {[%clk 0:51:58]} 1/2-1/2

[Event "ODJM C 2019"]
[Site "Willingen GER"]
[Date "2019.06.12"]
[Round "6"]
[White "Navarro Jahnke, Eric"]
[Black "Reger, Christoph"]
[Result "1-0"]
[Termination "normal"]
[Board "7"]
[WhiteElo "1259"]
[BlackElo "1169"]
[PlyCount "53"]
[WhiteFideId "16234138"]
[BlackFideId "16287606"]
[EventCountry "GER"]
[EventRounds "9"]
[EventType "swiss"]
[EventDate "2019.06.08"]

1. d4 e5 2. e3 e4 3. Nd2 d5 4. c4 dxc4 5. Bxc4 Bb4 6. a3 Bxd2+ 7. Bxd2 Nf6 8.
Ne2 Bg4 9. h3 Bh5 10. O-O O-O 11. Qb3 b6 12. Nf4 Nc6 13. Qb5 Na5 14. Bxa5 bxa5
15. Nxh5 Rb8 16. Nxf6+ Qxf6 17. Qe5 Qxe5 18. dxe5 Rfe8 19. f4 Rxb2 20. Ra2 Reb8
21. Rxb2 Rxb2 22. Rd1 g6 23. Rd7 Rc2 24. Bd5 Rc3 25. Rxf7 Kh8 26. Kh2 Rxa3 27.
e6 1-0

[Event "ODJM C 2019"]
[Site "Willingen GER"]
[Date "2019.06.12"]
[Round "6"]
[White "Grimm, Nicola Marie"]
[Black "Hubert, Nikita"]
[Result "1-0"]
[Termination "normal"]
[Board "8"]
[WhiteElo "1459"]
[BlackElo "1181"]
[PlyCount "41"]
[WhiteFideId "12988987"]
[BlackFideId "16235754"]
[EventCountry "GER"]
[EventRounds "9"]
[EventType "swiss"]
[EventDate "2019.06.08"]

1. d4 Nf6 2. Bf4 c5 3. c3 d6 4. e3 g6 5. Nf3 Bg7 6. dxc5 dxc5 7. Qxd8+ Kxd8 8.
Nbd2 Nc6 9. Bc4 e6 10. Rd1 Ke7 11. Nb3 b6 12. Bd6+ Ke8 13. Ne5 Nxe5 14. Bxe5
Bb7 15. O-O Ke7 16. Bd6+ Ke8 17. Bb5+ Kd8 18. Bf8+ Kc7 19. Bxg7 Rhg8 20. Bxf6
Rac8 21. Be5# 1-0

[Event "ODJM C 2019"]
[Site "Willingen GER"]
[Date "2019.06.12"]
[Round "6"]
[White "Vöcking, Laura"]
[Black "Racky, Selina"]
[Result "1/2-1/2"]
[Termination "normal"]
[Board "9"]
[WhiteElo "1172"]
[BlackElo "1037"]
[PlyCount "82"]
[WhiteFideId "16287630"]
[BlackFideId "16239440"]
[EventCountry "GER"]
[EventRounds "9"]
[EventType "swiss"]
[EventDate "2019.06.08"]

1. e4 e5 2. Nf3 Nc6 3. d4 exd4 4. Nxd4 Bc5 5. Be3 Nxd4 6. Bxd4 Bxd4 7. Qxd4 Nf6
8. Nc3 O-O 9. O-O-O d6 10. e5 Ne8 11. Bc4 Be6 12. Rhf1 Bxc4 13. Qxc4 Qg5+ 14.
f4 Qxg2 15. Rd2 Qc6 16. Qb3 dxe5 17. fxe5 g6 18. Nd5 Qa6 19. Rdf2 Qe6 20. Nc3
Qxb3 21. axb3 Ng7 22. Ne4 Nh5 23. Ng5 Ng7 24. Rxf7 Rxf7 25. Rxf7 h6 26. Rf6
hxg5 27. Rxg6 Re8 28. Rxg5 Kh7 29. h4 Kh6 30. Kd2 Ne6 31. Rf5 Kg6 32. Rf6+ Kh5
33. Ke3 Kxh4 34. Ke4 Kg4 35. Kd5 Nf4+ 36. Ke4 Ne2 37. Kd5 Nf4+ 38. Ke4 Nh5 39.
Rg6+ Kh4 40. c4 Ng3+ 41. Kf4 Rf8+ 1/2-1/2

[Event "ODJM C 2019"]
[Site "Willingen GER"]
[Date "2019.06.12"]
[Round "6"]
[White "Hapke, Marvin"]
[Black "Tenbosch, Till Theo"]
[Result "1-0"]
[Termination "normal"]
[Board "10"]
[WhiteElo "1187"]
[BlackElo "1085"]
[PlyCount "46"]
[WhiteFideId "12996580"]
[BlackFideId "16255461"]
[EventCountry "GER"]
[EventRounds "9"]
[EventType "swiss"]
[EventDate "2019.06.08"]

1. e4 d5 2. exd5 Qxd5 3. Nc3 Qa5 4. d4 Bf5 5. Bd2 c6 6. Bc4 e6 7. g4 Bg6 8. f4
h6 9. Qe2 Be7 10. O-O-O Qb6 11. Re1 Qc7 12. f5 exf5 13. d5 Nd7 14. dxc6 bxc6
15. Na4 Rb8 16. h4 fxg4 17. Qxg4 Ngf6 18. Qe2 Qd8 19. Rh3 Kf8 20. Bf4 Rb4 21.
b3 Nb8 22. Re3 Ng8 23. Nc5 f6 1-0

[Event "ODJM C 2019"]
[Site "Willingen GER"]
[Date "2019.06.12"]
[Round "6"]
[White "Wechtenbruch, Jamie"]
[Black "Grunert, Heinrich"]
[Result "1-0"]
[Termination "normal"]
[Board "11"]
[WhiteElo "1371"]
[BlackElo "1211"]
[PlyCount "83"]
[WhiteFideId "16267737"]
[BlackFideId "16213416"]
[EventCountry "GER"]
[EventRounds "9"]
[EventType "swiss"]
[EventDate "2019.06.08"]

1. e4 e5 2. Nf3 Nc6 3. d4 exd4 4. Nxd4 Nxd4 5. Qxd4 Qf6 6. Qxf6 Nxf6 7. Nc3 Bc5
8. Bc4 O-O 9. O-O d6 10. h3 Be6 11. Bb3 Rae8 12. Ba4 Re7 13. Bg5 Bc4 14. Rfe1
Bb4 15. Bxf6 gxf6 16. Bb3 Bxc3 17. bxc3 Bxb3 18. axb3 Rfe8 19. f3 f5 20. Rxa7
b6 21. Kf2 d5 22. e5 Rd8 23. f4 Re6 24. Rxc7 Kf8 25. Rd1 b5 26. Rc5 Ra6 27.
Rdxd5 Rxd5 28. Rxd5 Rc6 29. Rd3 Kg7 30. g4 fxg4 31. hxg4 Kg6 32. Rd6+ Rxd6 33.
exd6 Kf6 34. f5 b4 35. g5+ Kg7 36. cxb4 h6 37. d7 hxg5 38. d8=Q g4 39. Qg5+ Kh8
40. f6 g3+ 41. Kxg3 Kh7 42. Qg7# 1-0

[Event "ODJM C 2019"]
[Site "Willingen GER"]
[Date "2019.06.12"]
[Round "6"]
[White "Zhang, Yibo"]
[Black "Fahlbusch, Niclas"]
[Result "1-0"]
[Termination "normal"]
[Board "13"]
[WhiteElo "1302"]
[BlackElo "1057"]
[PlyCount "45"]
[WhiteFideId "16287657"]
[BlackFideId "16271548"]
[EventCountry "GER"]
[EventRounds "9"]
[EventType "swiss"]
[EventDate "2019.06.08"]

1. e4 d5 2. exd5 Qxd5 3. Nc3 Qa5 4. d4 Nc6 5. Nf3 Bg4 6. Bc4 O-O-O 7. Be3 e6 8.
O-O e5 9. d5 Nd4 10. Bxd4 exd4 11. Qxd4 Bxf3 12. gxf3 c6 13. Qg4+ Kb8 14. Qg3+
Ka8 15. Rad1 cxd5 16. Bxd5 g6 17. Rfe1 Bb4 18. Be4 Rxd1 19. Rxd1 Ne7 20. a3
Bxc3 21. bxc3 Qxa3 22. Rd7 Rb8 23. Bxb7+ 1-0

[Event "ODJM C 2019"]
[Site "Willingen GER"]
[Date "2019.06.12"]
[Round "6"]
[White "Moldovan, Tudor"]
[Black "Bangiev, Anton"]
[Result "1/2-1/2"]
[Termination "normal"]
[Board "14"]
[WhiteElo "1030"]
[BlackElo "1342"]
[PlyCount "56"]
[WhiteFideId "16288203"]
[BlackFideId "16267222"]
[EventCountry "GER"]
[EventRounds "9"]
[EventType "swiss"]
[EventDate "2019.06.08"]

1. e4 d6 2. d4 g6 3. Nc3 Bg7 4. Be3 Nf6 5. Qd2 O-O 6. O-O-O Nbd7 7. f3 e5 8. d5
Nb6 9. h4 Bd7 10. Bh6 Qe7 11. g4 Rad8 12. h5 Nxg4 13. fxg4 Bxg4 14. Be2 Bxe2
15. Ngxe2 Nc4 16. Qg5 f6 17. Qh4 Bxh6+ 18. Kb1 g5 19. Qh3 Qd7 20. Qxd7 Rxd7 21.
Nb5 a6 22. Nbc3 Kg7 23. b3 Nb6 24. Ng3 Kf7 25. Rdf1 Bg7 26. h6 Bh8 27. Nh5 Kg8
28. Ne2 Rdf7 1/2-1/2

[Event "ODJM C 2019"]
[Site "Willingen GER"]
[Date "2019.06.12"]
[Round "6"]
[White "Keuper, David"]
[Black "Rudolph, Alexander"]
[Result "0-1"]
[Termination "normal"]
[Board "15"]
[WhiteElo "1075"]
[BlackElo "1414"]
[PlyCount "52"]
[WhiteFideId "16287568"]
[BlackFideId "16275748"]
[EventCountry "GER"]
[EventRounds "9"]
[EventType "swiss"]
[EventDate "2019.06.08"]

1. e4 e5 2. Nf3 Nc6 3. d4 exd4 4. Nxd4 Bc5 5. Be3 Qf6 6. c3 Nge7 7. Nd2 d5 8.
Bb5 O-O 9. Nxc6 bxc6 10. Bxc5 cxb5 11. O-O Re8 12. Bxe7 Rxe7 13. exd5 Bb7 14.
Qb3 Rd8 15. Qxb5 Ba6 16. Qb3 Bxf1 17. Rxf1 Rde8 18. Nf3 h6 19. Nd4 Re1 20. Nc6
Rxf1+ 21. Kxf1 Qg6 22. Qd1 Qf6 23. Nxa7 Qa6+ 24. Kg1 Qxa7 25. a3 Qa4 26. Qd2
Qc2 0-1

[Event "ODJM C 2019"]
[Site "Willingen GER"]
[Date "2019.06.12"]
[Round "6"]
[White "Fischer, John"]
[Black "Buchholz, Jan Robert"]
[Result "1-0"]
[Termination "normal"]
[Board "16"]
[WhiteElo "1374"]
[BlackElo "1229"]
[PlyCount "57"]
[WhiteFideId "16268679"]
[BlackFideId "16286537"]
[EventCountry "GER"]
[EventRounds "9"]
[EventType "swiss"]
[EventDate "2019.06.08"]

1. d4 Nf6 2. Nc3 d5 3. Bf4 c6 4. e3 Bf5 5. f3 h6 6. g4 Bh7 7. Bd3 e6 8. Qd2 Be7
9. O-O-O Nbd7 10. Bxh7 Nxh7 11. h4 Bxh4 12. e4 Bg5 13. exd5 cxd5 14. Nh3 Bxf4
15. Qxf4 g5 16. Qg3 Qf6 17. Rhf1 Rc8 18. f4 gxf4 19. Rxf4 Qg6 20. Rf2 Ng5 21.
Nf4 Qh7 22. Re2 Nf6 23. Nfxd5 Nxd5 24. Nxd5 Ne4 25. Rxe4 Rxc2+ 26. Kb1 Kf8 27.
Qd6+ Kg7 28. Qe5+ Kf8 29. Kxc2 1-0

[Event "ODJM C 2019"]
[Site "Willingen GER"]
[Date "2019.06.12"]
[Round "6"]
[White "Vollmer, Jan"]
[Black "Pauser, Kilian"]
[Result "1-0"]
[Termination "normal"]
[Board "17"]
[WhiteElo "1269"]
[BlackElo "995"]
[PlyCount "77"]
[WhiteFideId "16287649"]
[BlackFideId "16287584"]
[EventCountry "GER"]
[EventRounds "9"]
[EventType "swiss"]
[EventDate "2019.06.08"]

1. e4 e5 2. Nf3 Nc6 3. Bb5 a6 4. Ba4 Nf6 5. d3 b5 6. Bb3 Be7 7. O-O O-O 8. Re1
d6 9. c3 Na5 10. Bc2 Bd7 11. Nbd2 Re8 12. Nf1 Bf8 13. Ng3 g6 14. Bg5 Bg7 15.
Qd2 Bg4 16. Nh4 Re6 17. h3 Bh5 18. Nxh5 gxh5 19. Nf3 Nc6 20. Bh6 Nd7 21. Bg5
Nf6 22. Be3 Ne7 23. Nh4 Ng6 24. Nf5 Qf8 25. Bg5 Nd7 26. Bb3 Ree8 27. Nh6+ Bxh6
28. Bxh6 Qe7 29. Re3 Nb6 30. Rg3 Rad8 31. Bg5 Qd7 32. Bxd8 Rxd8 33. Qg5 Kg7 34.
Qf5 Re8 35. Re1 Nc8 36. Qxd7 Rf8 37. Ree3 Kh6 38. Qf5 Nge7 39. Qf6+ 1-0

[Event "ODJM C 2019"]
[Site "Willingen GER"]
[Date "2019.06.12"]
[Round "6"]
[White "Burdett, Sabah"]
[Black "Fröhlich, Niklas"]
[Result "1-0"]
[Termination "normal"]
[Board "18"]
[WhiteElo "1033"]
[BlackElo "1261"]
[PlyCount "145"]
[WhiteFideId "16267702"]
[BlackFideId "16245016"]
[EventCountry "GER"]
[EventRounds "9"]
[EventType "swiss"]
[EventDate "2019.06.08"]

1. e4 c5 2. Nf3 d6 3. d4 cxd4 4. Nxd4 e5 5. Nf3 Nf6 6. Nc3 a6 7. Bd3 Be7 8. Be3
Be6 9. O-O O-O 10. h3 Nbd7 11. Ng5 Ne8 12. Qd2 h6 13. Nxe6 fxe6 14. Bc4 Rf6 15.
Ne2 b5 16. Bb3 a5 17. a3 Rc8 18. Rac1 Rg6 19. Ng3 Nc5 20. Ba2 Bh4 21. Nf5 Bf6
22. Bxc5 Rxc5 23. Bxe6+ Kh8 24. Bf7 Bg5 25. Ne3 Rf6 26. Bh5 Rf4 27. Bxe8 Qxe8
28. Qxd6 Be7 29. Qd3 Qa8 30. Nd5 Rf7 31. Nxe7 Rxe7 32. b4 axb4 33. axb4 Rc4 34.
Qd6 Re8 35. f3 Rd4 36. Qc5 Qb8 37. c4 Rc8 38. Qxb5 Qa7 39. c5 Rb8 40. Ra1 Rxb5
41. Rxa7 Rbxb4 42. Rc1 Rdc4 43. Rxc4 Rxc4 44. Ra5 Kg8 45. c6 Rxc6 46. Rxe5 g6
47. Re7 Kf8 48. Ra7 h5 49. h4 Re6 50. Kf2 Re7 51. Rxe7 Kxe7 52. Kg3 Kf6 53. Kf4
Ke6 54. Kg5 Kf7 55. e5 Ke6 56. Kxg6 Kxe5 57. Kg5 Ke6 58. f4 Kf7 59. Kxh5 Kg7
60. g4 Kh7 61. f5 Kg8 62. Kg6 Kf8 63. Kh7 Kf7 64. g5 Ke7 65. Kg7 Kd6 66. f6 Ke5
67. f7 Kf4 68. Kf6 Kg4 69. g6 Kh5 70. g7 Kxh4 71. g8=Q Kh3 72. f8=Q Kh4 73.
Qh6# 1-0

[Event "ODJM C 2019"]
[Site "Willingen GER"]
[Date "2019.06.12"]
[Round "6"]
[White "Burger, Daiana"]
[Black "Bartelheimer, Erik"]
[Result "1-0"]
[Termination "normal"]
[Board "19"]
[WhiteElo "1366"]
[BlackElo "1053"]
[PlyCount "59"]
[WhiteFideId "16217233"]
[BlackFideId "16279352"]
[EventCountry "GER"]
[EventRounds "9"]
[EventType "swiss"]
[EventDate "2019.06.08"]

1. e4 e5 2. Nf3 Nc6 3. Bc4 Bc5 4. Nc3 Nf6 5. d3 h6 6. Be3 Bb6 7. a3 O-O 8. Qd2
d6 9. h3 Be6 10. Nd5 Rb8 11. g4 Nd4 12. Nh2 Bxd5 13. exd5 c5 14. g5 Nh7 15.
gxh6 gxh6 16. O-O-O Qh4 17. Bxh6 Bd8 18. Rdg1+ Kh8 19. Bg7+ Kg8 20. Bf6+ Ng5
21. Rxg5+ Kh7 22. Rg7+ Kh8 23. Bxh4 Nf5 24. Rg4 Rg8 25. Bxd8 Rbxd8 26. Rh4+ Kg7
27. Qg5+ Kf8 28. Qxd8+ Kg7 29. Rg1+ Ng3 30. Rxg3# 1-0

[Event "ODJM C 2019"]
[Site "Willingen GER"]
[Date "2019.06.12"]
[Round "6"]
[White "Ott, Linda"]
[Black "Engels, Marlene"]
[Result "0-1"]
[Termination "normal"]
[Board "20"]
[WhiteElo "1122"]
[BlackElo "1263"]
[PlyCount "72"]
[WhiteFideId "12992453"]
[BlackFideId "16222962"]
[EventCountry "GER"]
[EventRounds "9"]
[EventType "swiss"]
[EventDate "2019.06.08"]

1. e4 d6 2. Nf3 Nd7 3. Bb5 c6 4. Ba4 Ngf6 5. d3 e5 6. c3 Qc7 7. Be3 Be7 8. Nbd2
h6 9. Nh4 g6 10. Bb3 Nf8 11. h3 g5 12. Nf5 Bxf5 13. exf5 Qd7 14. Qf3 d5 15. d4
e4 16. Qe2 Qxf5 17. O-O-O N8d7 18. g4 Qe6 19. f4 gxf4 20. Bxf4 b5 21. g5 hxg5
22. Bxg5 Rxh3 23. Qg2 Rxh1 24. Rxh1 O-O-O 25. Rh6 e3 26. Nf3 e2 27. Qh1 Bf8 28.
Bxf6 Nxf6 29. Rh2 Qe3+ 30. Kb1 Re8 31. Ne1 Ne4 32. Ng2 Qd2 33. Rh7 Nf2 34. Qg1
e1=Q+ 35. Nxe1 Rxe1+ 36. Qxe1 Qxe1+ 0-1

[Event "ODJM C 2019"]
[Site "Willingen GER"]
[Date "2019.06.12"]
[Round "6"]
[White "Hapke, Lara"]
[Black "Chassard, Cecilia"]
[Result "1-0"]
[Termination "normal"]
[Board "21"]
[WhiteElo "1358"]
[BlackElo "915"]
[PlyCount "59"]
[WhiteFideId "12996572"]
[BlackFideId "16271831"]
[EventCountry "GER"]
[EventRounds "9"]
[EventType "swiss"]
[EventDate "2019.06.08"]

1. e4 e5 2. Nf3 Nc6 3. d4 exd4 4. Nxd4 Bc5 5. Nb3 d6 6. Nc3 Nf6 7. Nxc5 dxc5 8.
Qxd8+ Nxd8 9. Bf4 Ne6 10. Bd2 Nd4 11. O-O-O b6 12. f3 c6 13. Ne2 b5 14. Nxd4
cxd4 15. Bb4 a5 16. Bd6 Be6 17. Kb1 a4 18. Rxd4 a3 19. Bxa3 b4 20. Rxb4 Rd8 21.
Bd3 O-O 22. Rb6 Rfe8 23. Rxc6 Ra8 24. Ra6 Rad8 25. Bb5 Re7 26. Bxe7 Rd2 27.
Ra8+ Bc8 28. Rxc8+ Rd8 29. Rxd8+ Ne8 30. Rxe8# 1-0

[Event "ODJM C 2019"]
[Site "Willingen GER"]
[Date "2019.06.12"]
[Round "6"]
[White "Jagodzinsky, Lukas"]
[Black "Frank, Cillian"]
[Result "1-0"]
[Termination "normal"]
[Board "22"]
[WhiteElo "1026"]
[BlackElo "1309"]
[PlyCount "47"]
[WhiteFideId "16233255"]
[BlackFideId "16245202"]
[EventCountry "GER"]
[EventRounds "9"]
[EventType "swiss"]
[EventDate "2019.06.08"]

1. e4 c5 2. d4 cxd4 3. c3 dxc3 4. Nxc3 d6 5. Bc4 Nf6 6. Nf3 g6 7. Bf4 Bg7 8.
O-O O-O 9. h3 Qc7 10. Qb3 Nbd7 11. Ng5 Ne5 12. Bxe5 dxe5 13. Bxf7+ Kh8 14. Rad1
Bh6 15. h4 Kg7 16. Be6 Bxg5 17. hxg5 Nh5 18. Bxc8 Raxc8 19. Nd5 Qd7 20. Nb6 Qg4
21. Nxc8 Nf4 22. g3 Ne2+ 23. Kh2 Rf3 24. Qxb7 1-0